000 01845nam a2200241Ia 4500
003 Ost
005 20260507074916.0
008 260507s9999||||xx |||||||||||||| ||und||
020 _a9789957242756
040 _cfsecg
041 _aara
082 _a658.5
100 _aمجيد، سوسن شاكر
_eمؤلف
245 0 _aإدارة الجودة الشاملة :
_bتطبيقات في الصناعة والتعليم /
_c سوسن شاكر مجيد
260 _aعمان:
_bدار الصفاء,
_c2007
300 _a335 صفحة؛
_bإيضاحات ؛
_c24 سم
520 _aمفاهيم ومصطلحات في الجودة، المفهوم الاسلامي للجودة، نماذج ادارة الجودة الشاملة، متطلبات تطبيق ادارة الجودة الشاملة ونماذج في التطبيق، اقتصاديات الجودة وتكاليفها، أساليب الضبط الاحصائي للجودة، جوائز الجودة، الجودة الشاملة والايزو، الجودة الشاملة والتغيير، ادارة الجودة الشاملة في المؤسسات التربوية، مسوغات وأهداف ومبادئ ومتطلبات تطبيق الجودة الشاملة في التعليم العالي، معايير الجودة الشاملة في الجماعات، ادارة الجودة الشاملة في التعليم الجامعي، اساليب الجودة والاعتماد في تقويم اداء المؤسسات التربوية والجامعية، نماذج تطبيق الجودة الشاملة في المؤسسات التربوية والجامعية
653 _aادارة الاعمال
653 _aالتعليم
653 _aضبط الجودة
700 _aالزيادات، محمد عواد
_eمؤلف ثانوي
942 _cكتاب
999 _c41770
_d41770